Statistics for Top 10 Most Spoken Languages in Spain

Click here to take the quiz!

General Stats

  • This quiz has been taken 239 times
  • The average score is 8 of 10

Answer Stats

Speakers % Language % Correct
37,423,71493.9Spanish
100%
2,331,0125.85French
95%
4,662,02611.7English
94%
486,1261.22German
92%
769,0351.93Italian
91%
617,6181.55Portuguese
89%
6,255,88115.7Catalan
85%
502,0641.26Basque
73%
2,247,3355.64Galician
56%
1,107,7292.78Romanian
44%

Score Distribution

Percentile by Number Answered

Percent of People with Each Score

Your Score History

You have not taken this quiz